Práva a povinnosti v súvislosti s registráciou pre DPH

Typy registrácie pre DPH. Registrácia platiteľov DPH. Povinná, dobrovoľná registrácia. Zábezpeka na DPH. Odpočítanie dane pri registrácii - oddanenie majetku. Registrácia nadobúdateľov tovaru z iných členských štátov. Registračná povinnosť v súvislosti s cezhraničnými službami.

Na minha lista:
Detalhes bibliográficos
Autor principal: Betáková, Jaroslava
Formato: Capítulo de Livro
Idioma:eslovaco
Assuntos:
Tags: Adicionar Tag
Sem tags, seja o primeiro a adicionar uma tag!

MARC

LEADER 00000naa a2200000 4500
001 0220355
005 20231114112909.4
041 0 |a slo 
044 |a SK 
245 1 0 |a Práva a povinnosti v súvislosti s registráciou pre DPH  |c Jaroslava Betáková 
520 |a Typy registrácie pre DPH. Registrácia platiteľov DPH. Povinná, dobrovoľná registrácia. Zábezpeka na DPH. Odpočítanie dane pri registrácii - oddanenie majetku. Registrácia nadobúdateľov tovaru z iných členských štátov. Registračná povinnosť v súvislosti s cezhraničnými službami. 
610 2 0 |a dane z hodnoty pridanej 
610 2 0 |a registrácia 
610 2 0 |a pojmy 
610 2 0 |a odpočet dane 
100 1 |a Betáková, Jaroslava